01532nam a2200301 i 450000100060000000300090000600500170001500700030003200800410003508000170007608000160009310000340010924501840014326000980032730000520042549000620047753000350053959900730057461000610064765100540070870000520076271000490081483000700086385200210093385601230095499900170107795201360109444444ES-MaACL20230906161031.0t|030321s1886 sp ||||1| spa d a271(460.353) a94(460.353)1 aCeballos, Fernando de.93727313aLa Itálica / cpor el R.P. maestro fr. Fernando de Zevallos, de la orden de S. Gerónimo en el Monasterio de San Isidro del Campo ; [prólogo, Francisco Collantes de Terán]. aSevilla : b[Sociedad de Bibliófilos Andaluces], c1886 (fImp. y Lit. de José Mª Ariza) aXVIII, 341 p., [1] h. de plano pleg. ; c22 cm.1 aSociedad de Bibliófilos Andaluces. Primera serie ; v18 aDisponible en formato digital. aPlano topográfico de las ruinas de Itálica: "Lit. del Comercio"24aMonasterio de San Isidoro del Campo (Santiponce)9152981 aItálica (Ciudad desaparecida)-xHistoria.988781 aCollantes de Terán Delorme, Francisco.9396702 aSociedad de Bibliófilos Andaluces.91739071 aSociedad de Bibliófilos Andaluces. Primera serie ; v189182018 aES-MaACLjB-5554 uhttp://www.bibliotecavirtualdeandalucia.es/catalogo/es/consulta/registro.do?id=9121zBiblioteca Virtual de Andalucía c44444d44444 001040708Colección_digitalaATENEOMbATENEOMcSPBd2008-01-17eSCl0oB-5554p1046773r2023-02-23 00:00:00w2023-02-23yMONANT